Au milieu du chemin 1852-1855: correspondance publiée par Julien Tiersot

Αποθηκεύτηκε σε:
Λεπτομέρειες βιβλιογραφικής εγγραφής
Κύριος συγγραφέας: Berlioz, Hector Louis (Συγγραφέας)
Μορφή: Βιβλίο
Γλώσσα:Γαλλικά
Έκδοση: París Calmann-Lévy 1930
Θέματα:
Ετικέτες: Προσθήκη ετικέτας
Δεν υπάρχουν, Καταχωρήστε ετικέτα πρώτοι!

MARC

LEADER 00000nam a2200000 a 4500
001 UCW2414
003 CL-VaPUC
008 891206e19300000FR |||||||||||||||||fre|d
082 0 4 |a 780.0846  |b BER  |2 21 
100 |a Berlioz, Hector Louis  |e author  |9 306282 
245 1 0 |a Au milieu du chemin 1852-1855: correspondance publiée par Julien Tiersot 
300 |a 293 p 
942 |c BK 
945 |d 19891206 00:00:00 
260 |a París  |b Calmann-Lévy  |c 1930 
600 0 |a Berlioz, Hector Louis  |9 306282 
650 0 |a Correspondencia, memorias, etc.  |9 306470 
583 |a last modification  |c 19891206 00:00:00  |k Rodrigo Vera 
999 |c 216964  |d 216962 
952 |0 0  |1 0  |4 0  |6 780_084600000000000_BER_1930  |7 0  |8 A  |9 203428  |a BIBEDU  |b BIBEDU  |d 2019-11-15  |i 2706636  |o 780.0846 BER 1930  |p 2706636  |r 2023-01-12  |w 2019-11-15  |y BK  |k MUS